000 00440cam a22001217a 4500
008 180718b1960 xxu||||| |||| 00| 0 eng d
082 _aR8x73 H251
100 _aHart, Vilson R.
245 _aCollective barganing in the federal vivil service: a study of labor-management relations in the United States Government employment
_cby Vilson R. Hart
260 _aNew York
_bHarper
_c1960
300 _a302p.
650 _aCollective Bargaining - USA
999 _c367647
_d367647